000 00305nam a22001337a 4500
008 170724b xxu||||| |||| 00| 0 eng d
020 _a9780789723031
041 _aeng
080 _212TH
_a004
100 _a29
101 _aSHK
245 _aUPGRADING AND REPAIRING PC S
_cMUELLER'S,S
942 _2udc
_cBK
999 _c21822
_d21822